| 000 | 00390nam a2200133Ia 4500 | ||
|---|---|---|---|
| 008 | 210430s9999 xx 000 0 und d | ||
| 020 | _a978-81-317-0090-7 | ||
| 082 | _a620.11 S5241 I | ||
| 100 |
_aJames F.Shackelford _954341 |
||
| 245 |
_aIntroduction to Materials Science for Engineers 6th _cJames F.Shackelford |
||
| 260 |
_aIndia _bDorling _c2010 |
||
| 300 | _a776 p | ||
| 942 |
_cBK _2ddc |
||
| 999 |
_c564900 _d564900 |
||